000 00651nam a2200277Ia 4500
005 20260324142920.0
008 008 260324s9999 xx 000 0 eng d
020 _a9780429065354
037 _aEBOOK
040 _aCRL
040 _beng
040 _cCRL
041 _2eng
041 _aeng
084 _qCRL
100 _aGudrun Klinker
_91213709
245 2 _aA Physical Approach to Color Image Understanding
260 _bTaylor and Francis
260 _c1993
365 _a
365 _b135
856 _uhttp://www.taylorfrancis.com/books/9780429065354
942 _cEBOOK
999 _c1818476
_d1818476